书目信息 |
| 题名: |
教育学
|
|
| 作者: | 叶上雄 主编 | |
| 分册: | ||
| 出版信息: | 北京 人民教育出版社 1991.6 |
|
| 页数: | 422页 | |
| 开本: | 20厘米 | |
| 丛书名: | ||
| 单 册: | ||
| 中图分类: | G40 | |
| 科图分类: | 38.103 | |
| 主题词: | 教育学--干部教育--教材 | |
| 电子资源: | ||
| ISBN: | 7-107-10788-7 | |
| 000 | 00671nam0 2200241 45 | |
| 001 | 0190000891 | |
| 005 | 20070714094242.20 | |
| 010 | @a7-107-10788-7@dCNY5.50 | |
| 100 | @a19921104d1991 em y0chiy0121 ea | |
| 101 | 0 | @achi |
| 102 | @aCN@b110000 | |
| 105 | @ay z 000yy | |
| 200 | 10 | @a教育学@AJIAO YU XUE@f叶上雄主编@FYE SHANG XIONG ZHU BIAN |
| 210 | @a北京@c人民教育出版社@d1991.6@h1992 | |
| 215 | @a422页@d20厘米 | |
| 300 | @a教育干部学习用书 | |
| 540 | 1 | @a教育学@AJIAO YU XUE |
| 606 | @a教育学@x干部教育@x教材 | |
| 690 | @aG40@v三版 | |
| 692 | @a38.103 | |
| 701 | 0 | @a叶上雄@AYE SHANG XIONG@4主编 |
| 801 | 0 | @aCN@bTSSF@c20070714 |
| 905 | @a10447@dG40@e401 | |
| 教育学/叶上雄主编.-北京:人民教育出版社,1991.6(1992) |
| 422页;20厘米 |
| 教育干部学习用书 |
| ISBN 7-107-10788-7:CNY5.50 |
| ● |
| 相关链接 |
|
|
|
|
正题名:教育学
索取号:G40/401
 
预约/预借
| 序号 | 登录号 | 条形码 | 馆藏地/架位号 | 状态 | 备注 |
| 1 | 0768819 | 207688199 | 第一样本阅览室/ [索取号:G40/401] | 在馆 |